• 首页
  • 本馆介绍
  • 公告通知
  • 最新文献
  • 馆藏检索
  • 电子资源
  • 读者导购
  • 参考咨询
  • 我的图书馆
  • 登录
  • 详细信息显示
  • 放入我的书架
  • 预约/预借图书
  • 作者相关作品
  • 分类相关作品
  • 丛书相关作品
  • 出版社相关作品

书目信息

  • 表格格式
  • 工作单格式
  • 卡片格式
题名:
禁止或限制使用某些可被认为具有过份伤害力或滥杀作用的常规武器公约
    
 
作者: ;法律出版社 编
分册:  
出版信息: 北京   法律出版社  1983.01
页数: 24页
开本: 19cm
丛书名:
单 册:
中图分类: D816
科图分类:
主题词: 国际条约 , 国际条约--汇编
电子资源:
ISBN:
000 00731nam0 2200217 45
001 0404290948
005 20050629102155.4
010    @dCNY0.10
091    @a6004.597
100    @a20040429d1983 km y0chiy0120 ea
101 0  @achi
105    @a z 000yy
200 1  @a禁止或限制使用某些可被认为具有过份伤害力或滥杀作用的常规武器公约@AJin Zhi Huo Xian Zhi Shi Yong Mou Xie Ke Bei Ren Wei Ju You Guo Fen Shang HaiLi Huo Lan Sha Zuo Yong De Chang Gui Wu Qi Gong Yue@f法律出版社编@FFa LuChu Ban She Bian
210    @a北京@c法律出版社@d1983.01
215    @a24页@d19cm
606 0  @a国际条约
606 0  @a国际条约@x汇编
690    @aD816@v3
711 02 @a法律出版社@4编
801    @aCN@bPftUser@c20040429
905    @dD816@e15@f1@b96607
    
    禁止或限制使用某些可被认为具有过份伤害力或滥杀作用的常规武器公约/法律出版社编.-北京:法律出版社,1983.01
    24页;19cm
    
    
    ISBN :CNY0.10
    
●
相关链接 在E读中查询图书 在五车中查询图书 在当当中查询图书 在豆瓣中查询图书


正题名:禁止或限制使用某些可被认为具有过份伤害力或滥杀作用的常规武器公约     索取号:D816/15         预约/预借

序号 登录号 条形码 馆藏地/架位号 状态 备注
1 0096605   001016625   密集书库/ [索取号:D816/15] 在馆    
2 0096606   001016616   第一借阅区/ [索取号:D816/15] 在馆    
3 0096607   001016607   第一样本阅览室/ [索取号:D816/15] 在馆    
唐山师范学院图书馆 欢迎您!
大连网信软件有限公司© 版权所有